000 00330pab a2200145 454500
008 180718b1990 xxu||||| |||| 00| 0 eng d
100 _aGooding, John
245 _aGorbachev and democracy
260 _c1990
300 _a195-231
362 _aApr.
650 _aDemocracy - U.S.S.R.
773 _aSoviet Studies
909 _a7247
999 _c7247
_d7247